[Event "POR-chT"]
[Site "Sao Joao da Madeira"]
[Date "2023.07.22"]
[Round "8.4"]
[White "Guia, Artur Solovyov Eloy"]
[Black "Fedorchuk, Sergey A"]
[Result "0-1"]
[WhiteElo "1987"]
[BlackElo "2589"]
[PlyCount "74"]
[EventDate "2023.07.17"]
[EventType "team-tourn"]
[EventRounds "9"]
[EventCountry "POR"]
[SourceTitle "CBM 215 Extra"]
[Source "ChessBase"]
[SourceDate "2023.09.30"]
[SourceVersion "1"]
[SourceVersionDate "2023.09.30"]
[SourceQuality "1"]
[WhiteTeam "Ferroviarios do Barreiro"]
[BlackTeam "Gaia"]
[WhiteTeamCountry "POR"]
[BlackTeamCountry "POR"]

1. d4 Nf6 2. Bg5 e6 3. Nd2 c5 4. e3 cxd4 5. exd4 Be7 6. Bd3 Nd5 7. Bxe7 Qxe7 8. Ne2 Nc6 9. c3 d6 10. 0-0 0-0 11. a3 f5 12. Nf3 Kh8 13. c4 Nf6 14. Ng3 g6 15. d5 exd5 16. cxd5 Ne5 17. Bc2 Bd7 18. Re1 Rfe8 19. Bb3 Nxf3+ 20. gxf3 Qxe1+ 21. Qxe1 Rxe1+ 22. Rxe1 Kg7 23. Nf1 Re8 24. Rxe8 Bxe8 25. Nd2 Bf7 26. Kf1 Nxd5 27. Ke2 Nf4+ 28. Ke3 g5 29. Bc2 Kf6 30. Nb3 Bxb3 31. Bxb3 Ke5 32. Bc4 Ng2+ 33. Ke2 d5 34. Bb5 Nf4+ 35. Ke3 d4+ 36. Kd2 Nh3 37. Ke1 Ng1 0-1

[Event "POR-chT"]
[Site "Sao Joao da Madeira"]
[Date "2023.07.18"]
[Round "3.5"]
[White "Khamrakulov, Ibragim S"]
[Black "Guia, Artur Solovyov Eloy"]
[Result "1-0"]
[WhiteElo "2413"]
[BlackElo "1987"]
[PlyCount "73"]
[EventDate "2023.07.17"]
[EventType "team-tourn"]
[EventRounds "9"]
[EventCountry "POR"]
[SourceTitle "CBM 215 Extra"]
[Source "ChessBase"]
[SourceDate "2023.09.30"]
[SourceVersion "1"]
[SourceVersionDate "2023.09.30"]
[SourceQuality "1"]
[WhiteTeam "Dias Ferreira"]
[BlackTeam "Ferroviarios do Barreiro"]
[WhiteTeamCountry "POR"]
[BlackTeamCountry "POR"]

1. e4 c5 2. c3 Nf6 3. e5 Nd5 4. Bc4 Nb6 5. Bb3 c4 6. Bc2 Nc6 7. Nf3 d6 8. exd6 Qxd6 9. 0-0 g6 10. b3 cxb3 11. axb3 Bg7 12. d4 0-0 13. Nbd2 Rd8 14. Ne4 Qc7 15. h3 h6 16. Bd2 e5 17. dxe5 Nxe5 18. Nxe5 Bxe5 19. Qe1 f5 20. Ng3 Bg7 21. b4 Nc4 22. Bc1 b5 23. h4 Qc6 24. Bd1 Rd3 25. Ne2 Bb7 26. f3 Re8 27. Qf2 a6 28. Bc2 Rd7 29. Nd4 Bxd4 30. cxd4 Qd6 31. Bxh6 Qxd4 32. Rad1 Qxf2+ 33. Kxf2 Rde7 34. Kg3 Ne3 35. Bxe3 Rxe3 36. Rd6 R3e6 37. Bb3 1-0

[Event "Portuguese Honra"]
[Site "Lisbon"]
[Date "2022.12.18"]
[Round "4"]
[White "Silva, Lourenco Santa Clar"]
[Black "Guia, Artur Solovyov Eloy"]
[Result "0-1"]
[WhiteElo "1693"]
[BlackElo "1932"]
[PlyCount "158"]
[EventDate "2022.12.16"]
[EventType "tourn"]
[EventRounds "9"]
[EventCountry "POR"]
[SourceTitle "CBM 211 Extra"]
[Source "ChessBase"]
[SourceDate "2023.01.31"]
[SourceVersion "1"]
[SourceVersionDate "2023.01.31"]
[SourceQuality "1"]

1. e4 c5 2. Nf3 Nc6 3. d4 cxd4 4. Nxd4 Nf6 5. Nc3 e5 6. Ndb5 d6 7. Bg5 a6 8. Na3 b5 9. Nd5 Be7 10. Bxf6 Bxf6 11. c3 0-0 12. Nc2 Bg5 13. a4 Rb8 14. axb5 axb5 15. h4 Bh6 16. g4 Bf4 17. Nce3 Bxe3 18. Nxe3 Be6 19. g5 Ne7 20. Bg2 Ng6 21. Bh3 Nf4 22. Bxe6 fxe6 23. 0-0 h6 24. Qg4 hxg5 25. hxg5 Qxg5 26. Qxg5 Nh3+ 27. Kg2 Nxg5 28. f3 Ra8 29. Rxa8 Rxa8 30. Rd1 Nf7 31. Rc1 Ra2 32. Rc2 Nd8 33. Kf2 Nb7 34. Rd2 Kf8 35. Ke1 Ke7 36. Rg2 Nc5 37. Kd1 Na4 38. Kc1 Ra1+ 39. Kc2 Re1 40. Kd2 Rb1 41. Rxg7+ Kf6 42. Rd7 Rxb2+ 43. Nc2 Nb6 44. Rb7 Nc4+ 45. Kd3 Rb3 46. Rb8 Nb2+ 47. Kd2 Na4 48. Rc8 Ke7 49. Nb4 Kd7 50. Rb8 Nxc3 51. Kc2 Rxb4 52. Kxc3 Rc4+ 53. Kb3 Rd4 54. Rxb5 Rd3+ 55. Kc2 Rxf3 56. Kd2 Rf4 57. Ke3 Kc6 58. Rb8 d5 59. exd5+ exd5 60. Re8 Re4+ 61. Kd3 Kd7 62. Rh8 Rg4 63. Rh6 Rg3+ 64. Ke2 e4 65. Kf2 Rf3+ 66. Ke2 Ke7 67. Ra6 Rf6 68. Ra7+ Ke6 69. Ra8 Ke5 70. Kd2 Rc6 71. Ke3 Rc3+ 72. Kd2 Kd4 73. Ra4+ Rc4 74. Ra3 e3+ 75. Ke1 Rc3 76. Ra5 Ke4 77. Ke2 d4 78. Kd1 Kd3 79. Ke1 Rc1# 0-1

[Event "Leca da Palmeira op"]
[Site "Leca da Palmeira"]
[Date "2022.08.01"]
[Round "3"]
[White "Buscara, Sevan"]
[Black "Guia, Artur Solovyov Eloy"]
[Result "1-0"]
[WhiteElo "2404"]
[BlackElo "1916"]
[PlyCount "107"]
[EventDate "2022.07.31"]
[EventType "swiss"]
[EventRounds "9"]
[EventCountry "POR"]
[SourceTitle "CBM 209 Extra"]
[Source "ChessBase"]
[SourceDate "2022.09.30"]
[SourceVersion "1"]
[SourceVersionDate "2022.09.30"]
[SourceQuality "1"]

1. e4 e5 2. Nf3 Nc6 3. Bc4 Nf6 4. d3 Be7 5. 0-0 d6 6. a4 Na5 7. Ba2 c5 8. c3 Nc6 9. Na3 0-0 10. Re1 a6 11. Nd2 Bg4 12. Qc2 Rb8 13. Nf1 Be6 14. Nc4 b5 15. Nce3 Bxa2 16. Rxa2 Re8 17. Nf5 Bf8 18. axb5 axb5 19. Bg5 h6 20. Bxf6 Qxf6 21. Ra6 Rec8 22. N1e3 g6 23. Nd5 Qd8 24. Nfe3 Ra8 25. Rea1 Rxa6 26. Rxa6 Ne7 27. Qb3 Nxd5 28. Nxd5 Qg5 29. Ne3 Rb8 30. Ra7 Qf6 31. Ng4 Qf4 32. g3 Qf3 33. Ne3 h5 34. Qd5 Qf6 35. Qc6 Qe6 36. Nd5 c4 37. dxc4 bxc4 38. Nb6 h4 39. Qc7 h3 40. f3 Qf6 41. Kf2 Re8 42. Nd5 Qe6 43. Qxc4 Rb8 44. b4 g5 45. g4 Rc8 46. Qa2 Rb8 47. Ne7+ Bxe7 48. Qxe6 fxe6 49. Rxe7 Rc8 50. b5 Rxc3 51. b6 Kf8 52. Rc7 Rb3 53. b7 Ke8 54. Rc8+ 1-0

[Event "POR-ch U14/20"]
[Site "Fatima"]
[Date "2022.04.13"]
[Round "6"]
[White "Guia, Artur Solovyov Eloy"]
[Black "Goncalves, Ruan Lucas Alves"]
[Result "0-1"]
[WhiteElo "1932"]
[BlackElo "1963"]
[PlyCount "86"]
[EventDate "2022.04.10"]
[EventType "swiss"]
[EventRounds "9"]
[EventCountry "POR"]
[SourceTitle "EXT 2023"]
[Source "ChessBase"]
[SourceDate "2022.10.05"]
[SourceVersion "1"]
[SourceVersionDate "2022.10.05"]
[SourceQuality "1"]

1. d4 d5 2. Bf4 Nf6 3. Nf3 e6 4. e3 c5 5. c3 Nc6 6. Nbd2 Be7 7. Ne5 Nxe5 8. dxe5 Nd7 9. Bd3 Nf8 10. Qe2 a6 11. Rd1 Ng6 12. Bg3 0-0 13. h4 f5 14. exf6 Rxf6 15. h5 Nf8 16. Be5 Rf7 17. Qg4 Bf6 18. Nf3 Nd7 19. Bxh7+ Kxh7 20. h6 Kg8 21. Qg6 Qf8 22. Ng5 Bxg5 23. hxg7 Rxg7 24. Qxe6+ Qf7 25. Rh8+ Kxh8 26. Qxf7 Nxe5 27. Qe8+ Kh7 28. Qxe5 Bd7 29. Rxd5 Bc6 30. Qf5+ Kg8 31. Qe6+ Kh7 32. Qh3+ Kg8 33. Rd6 Re8 34. Re6 Rf8 35. Re5 Bd7 36. Qh5 Be7 37. g3 Bg4 38. Qh6 Rf6 39. Qh1 Bf3 40. Qh3 Rd6 41. Qc8+ Bf8 42. Qe6+ Rxe6 43. Rxe6 Rd7 0-1

[Event "POR-ch U14/20"]
[Site "Fatima"]
[Date "2022.04.10"]
[Round "1"]
[White "Moldovan, Andre Dragos"]
[Black "Guia, Artur Solovyov Eloy"]
[Result "0-1"]
[WhiteElo "1369"]
[BlackElo "1932"]
[PlyCount "56"]
[EventDate "2022.04.10"]
[EventType "swiss"]
[EventRounds "9"]
[EventCountry "POR"]
[SourceTitle "EXT 2023"]
[Source "ChessBase"]
[SourceDate "2022.10.05"]
[SourceVersion "1"]
[SourceVersionDate "2022.10.05"]
[SourceQuality "1"]

1. d4 Nf6 2. Bf4 c5 3. c3 Qb6 4. b3 d5 5. Nf3 Nc6 6. e3 Bf5 7. Nbd2 e6 8. Be2 cxd4 9. cxd4 Bb4 10. a3 Bc3 11. Ra2 Ne4 12. 0-0 Bxd2 13. Rxd2 Nxd2 14. Nxd2 0-0 15. b4 Rac8 16. Nb3 Nxb4 17. Nc5 e5 18. Bxe5 Nc6 19. Bf4 Rfe8 20. Bg4 Bxg4 21. Qxg4 Ne7 22. h4 Qg6 23. Qf3 b6 24. Nd7 f6 25. Qh3 Qf5 26. Qxf5 Nxf5 27. Nb8 Rxb8 28. Bxb8 Rxb8 0-1

[Event "EU-ch Hybrid U14"]
[Site "Tornelo INT"]
[Date "2021.10.15"]
[Round "2"]
[White "Guia, Artur Solovyov Eloy"]
[Black "Strand, Vetle Bjorge"]
[Result "1-0"]
[WhiteElo "2000"]
[BlackElo "1833"]
[PlyCount "115"]
[EventDate "2021.10.15"]
[EventType "swiss"]
[EventRounds "9"]
[EventCountry "NET"]
[SourceTitle "EXT 2023"]
[Source "ChessBase"]
[SourceDate "2022.10.05"]
[SourceVersion "1"]
[SourceVersionDate "2022.10.05"]
[SourceQuality "1"]
[WhiteTeam "Portugal"]
[BlackTeam "Norway"]
[WhiteTeamCountry "POR"]
[BlackTeamCountry "NOR"]

1. d4 d5 2. Bf4 c5 3. e3 Nc6 4. Nf3 Nf6 5. Nbd2 Bf5 6. dxc5 e6 7. Nd4 Bg6 8. Bb5 Rc8 9. Nxc6 bxc6 10. Ba6 Bxc5 11. Bxc8 Qxc8 12. 0-0 Nh5 13. Be5 Be7 14. c4 0-0 15. Rc1 Qa6 16. Qb3 Nf6 17. Rfd1 Nd7 18. Nf3 Bh5 19. Bg3 Nb6 20. cxd5 cxd5 21. Rc7 Bf6 22. Qa3 Qxa3 23. bxa3 a5 24. Rdc1 Nc4 25. a4 Ra8 26. Nd2 Bd8 27. Rc6 Nxd2 28. Rc8 Rxc8 29. Rxc8 h6 30. Rxd8+ Kh7 31. Bc7 Nc4 32. Ra8 Bd1 33. Bxa5 Bxa4 34. Bc7 Bc6 35. Ra6 Bb5 36. Ra7 e5 37. a4 Bc6 38. Kf1 f6 39. Ke2 Kg6 40. a5 Kf5 41. Bb6 g6 42. Kd3 Nd6 43. f3 Bb5+ 44. Kc2 Nc4 45. h4 h5 46. Rf7 Ke6 47. Rf8 Nd6 48. Rb8 Nc4 49. Kc3 Kd6 50. Kb4 Ba6 51. Rg8 g5 52. hxg5 fxg5 53. Rxg5 Ke6 54. Rxh5 Kf6 55. Rh6+ Kf5 56. g4+ Kg5 57. Rc6 Nd2 58. Bd8# 1-0

[Event "Lisbon Portugal rapid 2op"]
[Site "Lisbon"]
[Date "2020.02.02"]
[Round "6"]
[White "Guia, Artur Solovyov Eloy"]
[Black "Gahan, MG."]
[Result "1-0"]
[WhiteElo "1924"]
[BlackElo "2231"]
[PlyCount "109"]
[EventDate "2020.01.02"]
[EventType "swiss (rapid)"]
[EventRounds "8"]
[EventCountry "POR"]
[SourceTitle "CBM 194 Extra"]
[Source "ChessBase"]
[SourceDate "2020.03.31"]
[SourceVersion "1"]
[SourceVersionDate "2020.03.31"]
[SourceQuality "1"]

1. d4 Nf6 2. Bg5 Ne4 3. Bf4 d5 4. e3 c5 5. Bd3 Qb6 6. Bxe4 dxe4 7. Nc3 cxd4 8. exd4 Qxb2 9. Nxe4 Bf5 10. f3 Nc6 11. Ne2 Bxe4 12. fxe4 e5 13. Bxe5 Nxe5 14. dxe5 Rd8 15. Qb1 Qxe5 16. 0-0 Bc5+ 17. Kh1 Bd6 18. Ng3 Rd7 19. Qb3 0-0 20. Rad1 Rfd8 21. Rd5 Qe6 22. Rfd1 h6 23. Qd3 Rc8 24. Rxd6 Rxd6 25. Qxd6 Qxd6 26. Rxd6 Rxc2 27. Kg1 Rxa2 28. Rd8+ Kh7 29. Rd7 b5 30. Rxf7 Kg6 31. Rb7 a6 32. Nf5 Ra4 33. Rxg7+ Kf6 34. Rb7 Rxe4 35. Nxh6 Ra4 36. Ng8+ Kg6 37. Ne7+ Kg5 38. Nd5 Ra1+ 39. Kf2 Ra2+ 40. Kf3 Kf5 41. Ne3+ Kg5 42. h3 Rb2 43. g3 a5 44. h4+ Kf6 45. g4 a4 46. Ra7 Rb3 47. g5+ Kg6 48. Ra6+ Kf7 49. h5 a3 50. g6+ Kg7 51. Kf4 Kh6 52. Nf5+ Kxh5 53. g7 Rb4+ 54. Ke5 a2 55. g8Q 1-0

[Event "Oeiras Honra"]
[Site "Oeiras"]
[Date "2019.08.19"]
[Round "9"]
[White "Guia, Artur Solovyov Eloy"]
[Black "Santos, Ruben Jose Melo"]
[Result "1/2-1/2"]
[WhiteElo "1808"]
[BlackElo "1722"]
[PlyCount "65"]
[EventDate "2019.08.13"]
[EventType "tourn"]
[EventRounds "9"]
[EventCountry "POR"]
[SourceTitle "EXT 2020"]
[Source "ChessBase"]
[SourceDate "2019.10.17"]
[SourceVersion "1"]
[SourceVersionDate "2019.10.17"]
[SourceQuality "1"]

1. d4 e5 2. dxe5 Nc6 3. Nf3 Qe7 4. Nc3 Nxe5 5. Nxe5 Qxe5 6. Qd5 Bd6 7. Qxe5+ Bxe5 8. e4 Nf6 9. f3 b6 10. Bc4 Bb7 11. Be3 Bxc3+ 12. bxc3 d5 13. exd5 Bxd5 14. Bb3 0-0-0 15. 0-0-0 c5 16. a4 Rhe8 17. Rhe1 h6 18. a5 Bxb3 19. cxb3 Nd5 20. axb6 axb6 21. Bd2 Kc7 22. c4 Ne7 23. Bf4+ Kc8 24. Rxd8+ Kxd8 25. Bd6 Kd7 26. Rd1 Kc6 27. Bxe7 Rxe7 28. Kd2 Rd7+ 29. Ke2 Rxd1 30. Kxd1 b5 31. Kd2 bxc4 32. bxc4 Kb6 33. Kc3 1/2-1/2

[Event "Wch U12"]
[Site "Santiago de Compostela"]
[Date "2018.11.04"]
[Round "1"]
[White "Tugstumur, Yesuntumur"]
[Black "Guia, Artur Solovyov Eloy"]
[Result "1-0"]
[WhiteElo "2331"]
[BlackElo "1674"]
[PlyCount "81"]
[EventDate "2018.11.04"]
[EventType "swiss"]
[EventRounds "11"]
[EventCountry "ESP"]
[SourceTitle "EXT 2022"]
[Source "ChessBase"]
[SourceDate "2021.10.06"]
[SourceVersion "1"]
[SourceVersionDate "2021.10.06"]
[SourceQuality "1"]

1. d4 Nf6 2. c4 e6 3. Nf3 d5 4. g3 Bb4+ 5. Bd2 a5 6. Bg2 0-0 7. 0-0 dxc4 8. Qc2 b5 9. a4 c6 10. axb5 Bxd2 11. Nfxd2 Qxd4 12. bxc6 Nd5 13. c7 Na6 14. Rxa5 Naxc7 15. Rxa8 Nxa8 16. Nxc4 Ba6 17. b3 Rc8 18. Rd1 Qc5 19. e4 Ndb6 20. Ne3 Qxc2 21. Nxc2 Kf8 22. Nba3 Rc3 23. Nd4 g6 24. f4 Ke7 25. e5 Nd5 26. Bxd5 exd5 27. Nac2 Bd3 28. Nb4 Be4 29. Kf2 Nc7 30. Ra1 Ne6 31. Nbc6+ Kf8 32. Nxe6+ fxe6 33. Nd4 Bf5 34. Ke2 Bg4+ 35. Kd2 Rc7 36. Ra8+ Kf7 37. Nb5 Re7 38. b4 Kg7 39. Nd6 Bf5 40. b5 Rc7 41. Ne8+ 1-0

[Event "Cascais Honor"]
[Site "Cascais"]
[Date "2018.08.17"]
[Round "9"]
[White "Santos, Jose Guilherme B Li"]
[Black "Guia, Artur Solovyov Eloy"]
[Result "1-0"]
[WhiteElo "2062"]
[BlackElo "1818"]
[PlyCount "129"]
[EventDate "2018.08.11"]
[EventType "tourn"]
[EventRounds "9"]
[EventCountry "POR"]
[SourceTitle "CBM 186 Extra"]
[Source "ChessBase"]
[SourceDate "2018.08.24"]
[SourceVersion "1"]
[SourceVersionDate "2018.08.24"]
[SourceQuality "1"]

1. e4 e5 2. Nf3 Nc6 3. Bc4 Bc5 4. 0-0 Nf6 5. d3 d6 6. Bg5 h6 7. Bh4 g5 8. Bg3 Bg4 9. c3 Qe7 10. Nbd2 Bb6 11. a4 a5 12. Ba2 0-0-0 13. Re1 Rdg8 14. Nc4 Ba7 15. Ne3 Bxe3 16. Rxe3 h5 17. h4 Nh7 18. Qd2 Rg7 19. hxg5 Bxf3 20. Rxf3 Nxg5 21. Rf5 h4 22. Bh2 Rhg8 23. Kf1 Ne6 24. g3 hxg3 25. Bxg3 Nf4 26. Rxf4 exf4 27. Qxf4 Qd7 28. Ke2 Ne5 29. d4 Qg4+ 30. Qxg4+ Nxg4 31. Rh1 Nf6 32. Kf3 Nd7 33. Rh5 b6 34. Rf5 Rh8 35. e5 dxe5 36. dxe5 Rhh7 37. b4 axb4 38. cxb4 Nf8 39. Rf6 Nd7 40. Rf5 Nf8 41. Rf6 Nd7 42. Rc6 Nb8 43. Rc4 Rh1 44. a5 Kb7 45. axb6 cxb6 46. Rf4 Nc6 47. Rf6 Nxb4 48. Bxf7 Re1 49. Bf4 Nd3 50. Bd5+ Ka7 51. e6 Nxf4 52. Kxf4 Ka6 53. Rf7 Rg8 54. Kf5 b5 55. f4 Rd1 56. Be4 Re8 57. Bc6 b4 58. Bxe8 b3 59. Ba4 b2 60. Bc2 Rd2 61. Be4 Rd5+ 62. Kf6 Rd4 63. Bg6 Rxf4+ 64. Kg7 Rg4 65. Rf1 1-0

[Event "Cascais Honor"]
[Site "Cascais"]
[Date "2018.08.15"]
[Round "6"]
[White "Guia, Artur Solovyov Eloy"]
[Black "Santos, Ruben Jose Melo"]
[Result "1-0"]
[WhiteElo "1818"]
[BlackElo "1718"]
[PlyCount "107"]
[EventDate "2018.08.11"]
[EventType "tourn"]
[EventRounds "9"]
[EventCountry "POR"]
[SourceTitle "CBM 186 Extra"]
[Source "ChessBase"]
[SourceDate "2018.08.24"]
[SourceVersion "1"]
[SourceVersionDate "2018.08.24"]
[SourceQuality "1"]

1. e4 e6 2. d4 d5 3. exd5 exd5 4. Bd3 c5 5. dxc5 Bxc5 6. Nf3 Ne7 7. 0-0 0-0 8. Nc3 a6 9. Bf4 Nbc6 10. h3 Nb4 11. a3 Nxd3 12. Qxd3 Bf5 13. Qd2 d4 14. Ne2 d3 15. cxd3 Qxd3 16. Rfd1 Rfd8 17. Qxd3 Rxd3 18. Rxd3 Bxd3 19. Nc3 Ng6 20. Bc7 Rc8 21. Bg3 b5 22. Ne5 Nxe5 23. Bxe5 f6 24. Bf4 Bd4 25. Rc1 g5 26. Be3 Bxe3 27. fxe3 h5 28. Rd1 Bc4 29. Rd6 Kg7 30. Rxa6 b4 31. Ra7+ Kg6 32. axb4 Rb8 33. Rd7 Rxb4 34. Rd4 f5 35. b3 Rxb3 36. Rxc4 g4 37. hxg4 hxg4 38. Rc6+ Kg5 39. Nd5 g3 40. Kf1 Rd3 41. Rd6 Rd2 42. Ke1 Rxg2 43. Nf4 Rh2 44. Rg6+ Kh4 45. Rg8 Rf2 46. Rg7 Rh2 47. Ne2 Rg2 48. Kd2 Rf2 49. Kd3 Rf3 50. Kd4 Rf2 51. Nf4 Rf3 52. Ke5 g2 53. Kxf5 Rf1 54. Rg4# 1-0

[Event "Cascais Honor"]
[Site "Cascais"]
[Date "2018.08.13"]
[Round "3"]
[White "Marques Godinho, Pedro"]
[Black "Guia, Artur Solovyov Eloy"]
[Result "1/2-1/2"]
[WhiteElo "1862"]
[BlackElo "1818"]
[PlyCount "44"]
[EventDate "2018.08.11"]
[EventType "tourn"]
[EventRounds "9"]
[EventCountry "POR"]
[SourceTitle "CBM 186 Extra"]
[Source "ChessBase"]
[SourceDate "2018.08.24"]
[SourceVersion "1"]
[SourceVersionDate "2018.08.24"]
[SourceQuality "1"]

1. d4 d5 2. Bf4 Nf6 3. e3 e6 4. Nf3 c5 5. c3 Nc6 6. Bd3 Bd6 7. Ne5 Bxe5 8. Bxe5 Nxe5 9. dxe5 Nd7 10. f4 c4 11. Bc2 Qb6 12. Qc1 Nc5 13. 0-0 Bd7 14. Kh1 Ba4 15. Bxa4+ Nxa4 16. b3 cxb3 17. axb3 Nc5 18. Ra3 0-0 19. Qc2 Ne4 20. Qd3 Nc5 21. Qc2 Ne4 22. Qd3 Nc5 1/2-1/2

[Event "Lisbon Portugal rapid op"]
[Site "Lisbon"]
[Date "2018.02.10"]
[Round "5"]
[White "Guia, Artur Solovyov Eloy"]
[Black "Sousa, Ludy Helsio Paulo"]
[Result "0-1"]
[WhiteElo "1668"]
[BlackElo "2165"]
[PlyCount "94"]
[EventDate "2018.02.10"]
[EventType "swiss (rapid)"]
[EventRounds "8"]
[EventCountry "POR"]
[SourceTitle "CBM 182 Extra"]
[Source "ChessBase"]
[SourceDate "2018.02.23"]
[SourceVersion "1"]
[SourceVersionDate "2018.02.23"]
[SourceQuality "1"]

1. e4 c5 2. Nf3 d6 3. d4 cxd4 4. Nxd4 Nf6 5. Nc3 a6 6. Be3 e5 7. Nb3 Be6 8. Be2 Nbd7 9. 0-0 Rc8 10. a4 Be7 11. Bf3 Nb6 12. Nd5 Nfxd5 13. exd5 Bf5 14. c3 Nc4 15. Qc1 h6 16. Nd2 Nxe3 17. fxe3 Qb6 18. Ne4 Rc4 19. Ng3 Bg6 20. Kh1 Bg5 21. Re1 0-0 22. Qd2 f5 23. Qe2 Rfc8 24. e4 f4 25. Nf1 Qa5 26. Qc2 Qxd5 27. Qb3 Qf7 28. Red1 R4c6 29. Rd5 Kh8 30. Rad1 Qc7 31. Qb4 Be7 32. Bg4 Rc4 33. Qa5 Bxe4 34. Bxc8 Bxd5 35. Rxd5 Qxc8 36. Nd2 Bd8 37. Qxd8+ Qxd8 38. Nxc4 Qh4 39. Rd1 f3 40. Ne3 Qe4 41. Nd5 Qe2 42. Rg1 f2 43. Ne3 Qxe3 44. Rf1 Qe1 45. h3 Qxf1+ 46. Kh2 Qc1 47. Kg3 Qf4# 0-1

[Event "EU-ch U10 27th"]
[Site "Mamaia"]
[Date "2017.09.11"]
[Round "6"]
[White "Anand, Aryan"]
[Black "Guia, Artur Solovyov Eloy"]
[Result "0-1"]
[WhiteElo "1396"]
[BlackElo "1513"]
[PlyCount "140"]
[EventDate "2017.09.05"]
[EventType "swiss"]
[EventRounds "9"]
[EventCountry "ROU"]
[SourceTitle "CBM 180 Extra"]
[Source "ChessBase"]
[SourceDate "2017.10.06"]
[SourceVersion "1"]
[SourceVersionDate "2017.10.06"]
[SourceQuality "1"]

1. d4 d5 2. c4 e6 3. Nc3 Nf6 4. cxd5 exd5 5. Bg5 Be7 6. e3 0-0 7. Bd3 c6 8. Qc2 Nbd7 9. Nge2 h6 10. Bh4 Re8 11. 0-0 Nf8 12. Rab1 a5 13. Kh1 Ne6 14. Bg3 Bd6 15. Rbd1 Bxg3 16. Nxg3 Qe7 17. Nf5 Qc7 18. h3 Ng5 19. Nb5 Qb6 20. Nbd6 Re6 21. Qc5 Qxc5 22. dxc5 Nge4 23. Bxe4 Nxe4 24. Nxe4 Rxe4 25. Nd6 Re6 26. e4 dxe4 27. Rfe1 Re5 28. Rxe4 Rxe4 29. Nxe4 Be6 30. a3 Rb8 31. Rd6 Re8 32. Nc3 Bf5 33. Kh2 Kh7 34. Kg3 Re5 35. Na4 Bc2 36. Nc3 Rxc5 37. Rd7 Rg5+ 38. Kf3 Rf5+ 39. Ke3 b5 40. Ne2 Re5+ 41. Kf3 Bb3 42. Rd3 Bd5+ 43. Rxd5 Rxd5 44. Nf4 Rd2 45. b4 axb4 46. axb4 Rb2 47. Nd3 Rb3 48. Ke2 Kg6 49. g4 Kf6 50. f4 g5 51. f5 Rxd3 52. Kxd3 Ke5 53. Ke3 f6 54. Kd3 Kd5 55. Kc3 Ke4 56. Kc2 Kd4 57. Kd2 Kc4 58. Ke3 Kxb4 59. Kd4 Ka5 60. Kc5 b4 61. Kd6 b3 62. Ke6 b2 63. Kxf6 b1Q 64. Kg7 Qb2+ 65. f6 c5 66. Kg6 c4 67. f7 Qh8 68. h4 Qf8 69. hxg5 hxg5 70. Kxg5 Qxf7 0-1

[Event "EU-ch U10 27th"]
[Site "Mamaia"]
[Date "2017.09.08"]
[Round "4"]
[White "Adamala, Jacek"]
[Black "Guia, Artur Solovyov Eloy"]
[Result "0-1"]
[WhiteElo "1349"]
[BlackElo "1513"]
[PlyCount "94"]
[EventDate "2017.09.05"]
[EventType "swiss"]
[EventRounds "9"]
[EventCountry "ROU"]
[SourceTitle "CBM 180 Extra"]
[Source "ChessBase"]
[SourceDate "2017.10.06"]
[SourceVersion "1"]
[SourceVersionDate "2017.10.06"]
[SourceQuality "1"]

1. e4 e5 2. Nf3 Nc6 3. Bb5 a6 4. Ba4 Nf6 5. Qe2 b5 6. Bb3 Be7 7. a4 Bb7 8. Nc3 b4 9. Nd5 d6 10. Nxe7 Qxe7 11. 0-0 0-0 12. d3 h6 13. c3 a5 14. Nh4 Qd7 15. Nf5 Ne7 16. Nxe7+ Qxe7 17. Be3 c5 18. cxb4 cxb4 19. Rac1 Rfc8 20. Bb6 Nd7 21. Rc7 Rxc7 22. Bxc7 Nc5 23. Bxf7+ Kxf7 24. Qh5+ Kg8 25. Bb6 Nxa4 26. Be3 Nc5 27. Rd1 Ba6 28. Qe2 Rc8 29. f3 Qc7 30. Bxc5 Qxc5+ 31. Kh1 Qc2 32. Rd2 Qb1+ 33. Rd1 Rc1 34. Kg1 Rxd1+ 35. Kf2 Qxd3 36. Qxd3 Rxd3 37. Kg3 Rb3 38. Kh3 Rxb2 39. g3 Bf1+ 40. Kg4 Rxh2 41. f4 exf4 42. gxf4 b3 43. Kf5 b2 44. Kg4 b1Q 45. Kf5 Qb5+ 46. Kg4 Rg2+ 47. Kh3 Qh5# 0-1

[Event "Gibraltar U12 op"]
[Site "Caleta"]
[Date "2017.08.21"]
[Round "6"]
[White "Toumi, Mohamed Jad"]
[Black "Guia, Artur Solovyov Eloy"]
[Result "1-0"]
[WhiteElo "1552"]
[BlackElo "1687"]
[PlyCount "155"]
[EventDate "2017.08.18"]
[EventType "swiss"]
[EventRounds "6"]
[EventCountry "GGB"]
[SourceTitle "CBM 180 Extra"]
[Source "ChessBase"]
[SourceDate "2017.10.06"]
[SourceVersion "1"]
[SourceVersionDate "2017.10.06"]
[SourceQuality "1"]

1. e4 e5 2. Nf3 Nc6 3. Bc4 Bc5 4. c3 Nf6 5. d3 d6 6. Nbd2 0-0 7. Nf1 h6 8. Ng3 Be6 9. Bb3 a6 10. 0-0 Ba7 11. Be3 Bxe3 12. fxe3 d5 13. exd5 Nxd5 14. Bxd5 Bxd5 15. e4 Be6 16. Nf5 Bxf5 17. exf5 Kh7 18. Qe2 Re8 19. Nd2 f6 20. Rf3 Qd7 21. Ne4 Qe7 22. Rg3 Rf8 23. Rf1 b6 24. Rff3 Qe8 25. Rg6 Ne7 26. Rg4 Qh5 27. Rfg3 Qf7 28. Rxg7+ Qxg7 29. Rxg7+ Kxg7 30. Qg4+ Kh7 31. Ng3 b5 32. Nh5 Rf7 33. d4 Rg8 34. Qe4 Rg5 35. g4 exd4 36. h4 Rg8 37. Nxf6+ Kg7 38. Nxg8 Kxg8 39. Qxd4 Kh7 40. f6 Ng8 41. g5 hxg5 42. hxg5 Kg6 43. Qe4+ Kxg5 44. Qe5+ Kg6 45. Qe6 c6 46. Qxc6 Rxf6 47. Qe4+ Kg7 48. a4 bxa4 49. Qxa4 Kf7 50. c4 Ne7 51. c5 Rc6 52. b4 Ke6 53. Qb3+ Kd7 54. Kf2 Re6 55. Qd3+ Kc7 56. Qc4 Kd7 57. Kf3 Rc6 58. Ke2 Nc8 59. Qd5+ Kc7 60. Qf7+ Kb8 61. Kd2 Na7 62. Qd7 Ka8 63. Ke3 Kb8 64. Ke4 Rc7 65. Qa4 Kb7 66. Qa5 Nc6 67. Qb6+ Kc8 68. Qxa6+ Kd7 69. b5 Nb8 70. Qd6+ Kc8 71. c6 Nxc6 72. bxc6 Ra7 73. Kd5 Rh7 74. Qf8+ Kc7 75. Qf4+ Kc8 76. Qf5+ Kb8 77. Qxh7 Ka8 78. Qb7# 1-0